Capone 2020/ (Record no. 20875)

000 -LEADER
fixed length control field 00972nam a2200241 4500
008 - FIXED-LENGTH DATA ELEMENTS--GENERAL INFORMATION
fixed length control field 240520b xxu||||| |||| 00| 0 eng d
040 ## - CATALOGING SOURCE
Transcribing agency Cagayan State University
Modifying agency RDA
082 ## - DEWEY DECIMAL CLASSIFICATION NUMBER
Classification number 791.4372
Item number C246
100 ## - MAIN ENTRY--PERSONAL NAME
Personal name Trank, Josh, director.
245 ## - TITLE STATEMENT
Title Capone 2020/
Statement of responsibility, etc directed by Josh Trank ; Josh Trank.
260 ## - PUBLICATION, DISTRIBUTION, ETC. (IMPRINT)
Place of publication, distribution, etc Canada :
Name of publisher, distributor, etc BRON Studios,
Date of publication, distribution, etc 2020.
300 ## - PHYSICAL DESCRIPTION
Extent 1 videofile, (ca. 103 mins.).
520 ## - SUMMARY, ETC.
Summary, etc After serving 10 years in prison, Al Capone is released to live in exile in Florida. Deprived of his former power, sick with syphilis, and having lost all his friends and allies, he recalls his grave criminal past and the brutal crimes committed on his orders in the streets of Chicago.
546 ## - LANGUAGE NOTE
Language note In English subtitle.
650 ## - SUBJECT ADDED ENTRY--TOPICAL TERM
Topical term or geographic name as entry element Biography.
650 ## - SUBJECT ADDED ENTRY--TOPICAL TERM
Topical term or geographic name as entry element Crime.
650 ## - SUBJECT ADDED ENTRY--TOPICAL TERM
Topical term or geographic name as entry element Drama.
700 ## - ADDED ENTRY--PERSONAL NAME
Personal name Trank, Josh, writing.
700 ## - ADDED ENTRY--PERSONAL NAME
Personal name Hardy,Tom, star.
700 ## - ADDED ENTRY--PERSONAL NAME
Personal name Cardellini, Linda, star.
700 ## - ADDED ENTRY--PERSONAL NAME
Personal name Dillon, Matt, star.
942 ## - ADDED ENTRY ELEMENTS (KOHA)
Source of classification or shelving scheme
Item type Audio-Visual Materials
Holdings
Price effective from Permanent location Date last seen Materials specified (bound volume or other part) Not for loan Date acquired Source of classification or shelving scheme Koha item type Damaged status Lost status Shelving location Withdrawn status Current location Full call number
2025-05-28Cagayan State University - Carig Library2025-05-282025-05-26 2025-05-28 Audio-Visual Materials  Electronic Media Center Cagayan State University - Carig Library791.4372 C246

Cagayan State University University Library, Carig Campus
Tuguegarao City, Cagayan 3500 | www.csucarig.edu.ph

Powered by Koha